000 02164cam a22005054i 4500
003 PE-LiUPU
005 20250731183336.0
008 090515s2010 nyu rb 001 0 eng d
020 _a1568988966
020 _a9781568988962
035 _a(Sirsi) i9781568988962
040 _aSUE
_bspa
_cSUE
_dPE-LiUPU
_erda
049 _aPRUA
050 1 4 _aNA2543.S6
_bG79 2010eb
082 0 4 _a720
_bG95
_222
100 1 _aGutman, Robert,
_eautor.
245 1 0 _aArchitecture from the outside in :
_bselected essays /
_cby Robert Gutman ; edited by Dana Cuff and John Wriedt ; with dialogues from Bryan Bell [y otros 11].
250 _afirst edition.
264 1 _aNew York :
_bPrinceton Architectural Press,
_c2010.
300 _a342 páginas ;
_c23 centímetros
336 _atext
_2rdacontent
337 _aunmediated
_2rdamedia
338 _avolume
_2rdacarrier
504 _aBibliografía : páginas 326-327.
504 _aÍndices: páginas 330-343.
505 0 _aPractices -- Buildings and projects -- Sociology and architecture -- Housing -- Architectural education.
526 _aP158
526 _aP146
526 _aP17
526 _aP12
526 _aP06
541 _g003-001195;
650 1 4 _aArquitectura y sociedad.
700 1 _aBell, Bryan,
_d1959- ,
_eeditor.
700 1 _aCuff, Dana,
_d1953- ,
_eeditor.
700 1 _aWriedt, John.
910 _ajck
_bebj
_cebj
_d20160622
942 _2ddc
_cBOOK
949 _a720 G95
_wDEWEY
_c1
_i73767
_lCCODEBUL1
_mBUL
_p10.70
_r0
_sY
_tBOOK
_u2016-6-22
_xINGENIERIA
_PP06
_0COMPRA
_o.STAFF. Colección General
949 _a720 G96
_wDEWEY
_c1
_i71255
_lCCODEBUL1
_mBUL
_p55.87
_r0
_sY
_tBOOK
_u2015-5-14
_xINGENIERIA
_PP06
_0COMPRA
_o.STAFF. Colección General
994 _aC0
_bPEPRU
596 _a1
999 _a720 G96
_wDEWEY
_c6167
_i71255
_f2021-11-9
_g7
_lCCODEBUL1
_mBUL
_p55.87
_r0
_sY
_tBOOK
_u2015-5-14
_xINGENIERIA
_PP06
_0COMPRA
_o.STAFF. Colección General
_d6167
999 _a720 G95
_wDEWEY
_c1
_i73767
_f2021-11-9
_g7
_lCCODEBUL1
_mBUL
_p10.70
_r0
_sY
_tBOOK
_u2016-6-22
_xINGENIERIA
_PP06
_0COMPRA
_o.STAFF. Colección General
980 _81
_gALBERTO SANCHEZ Responsable de Automatización